Szczegóły MARC21

Trzej kronikarze /

003 -Nazwa inst., której nr kontr. jest w polu 001 [,]
    • @
    • Nazwa instytucji, której n kontrolny jest w polu 001
    • NUKAT
005 -DATA I CZAS OSTATNIEJ MODYFIKACJI [,]
    • @
    • pole kontrolne
    • 20241231111451.0
020 -Międzynarod. znormalizowany nr książki - ISBN [ , ]
    • a
    • Numer ISBN
    • 8307022118 Find
040 -Instytucja sporządzająca opis [ , ]
    • a
    • Instytucja, która sporządziła opis (NP)
    • NUKAT
    • c
    • Instytucja, która sporządziła rekord (NP)
    • WA U/ED
    • d
    • Instytucja, która zmodyfikowała rekord (P)
    • WA U/KU
041 -Język dokumentu [1, ]
    • a
    • Język tekstu (P)
    • polski
    • h
    • Język tekstu oryginalnego i/lub pośredniego (P)
    • łaciński
942 -Rodzaj dokumentu [ , ]
    • c
    • Rodzaj dokumentu
    • Książka
100 -Hasło główne - nazwa osobowa [1, ]
    • a
    • Nazwa osobowa (NP)
    • Jasienica, Paweł
    • d
    • Daty biograficzne (NP)
    • (1909-1970).
    • 9
    • KHW
    • 16307
245 -Strefa tytułu i oznaczenia odpowiedzialności [1,0]
    • a
    • Tytuł
    • Trzej kronikarze / Find
    • c
    • Pozostałe elementy strefy tytułu i oznaczenia odpowiedzialności (NP)
    • Paweł Jasienica ; [wybrane fragmenty kronik w tłumaczeniach: Kronika Thietmara - Marian Zygmunt Jedlicki, Kronika Galla - Roman Grodecki, Kronika Kadłubka - A. Józefczyk, M. Studziński].
250 -Strefa wydania [ , ]
    • a
    • Oznaczenie wydania (NP)
    • Wyd. 2.
260 -Strefa adresu wydawniczego [ , ]
    • a
    • Miejsce wydania (P)
    • Warszawa :
    • b
    • Nazwa wydawcy (P)
    • Czytelnik,
    • c
    • Data wydania (P)
    • 1992.
300 -Strefa opisu fizycznego [ , ]
    • a
    • Określenie formy książki i/lub objętość (NP)
    • 410, [4] s. ;
    • c
    • Format (NP)
    • 20 cm.
336 -Typ zawartości [ , ]
    • a
    • Termin opisujący typ zawartości
    • Tekst
    • b
    • Kod określający zawartość
    • txt
    • 2
    • Źródło (terminu i kodu)
    • rdacontent
337 -Typ mediów [ , ]
    • a
    • Tryb odtwarzania
    • Bez urządzenia pośredniczącego
    • b
    • Kod typu mediów
    • n
    • 2
    • Źródło (terminu i kodu)
    • rdamedia
338 -Typ/rodzaj nośnika [ , ]
    • a
    • Hasło opisujące typ nośnika
    • Wolumin
    • b
    • Kod typu nośnika
    • nc
    • 2
    • Źródło (terminu i kodu)
    • rdacarrier
080 -Uniwersalna Klasyfikacja Dziesiętna [ , ]
    • 2
    • Identyfikator wydania tablic
    • UDC-P058
    • 9
    • UKD
    • 7014
    • a
    • Symbol klasyfikacji
    • 94(438).02
    • b
    • Dopowiedzenie
    • Historia Polski. Dynastia Piastów i Andegawenów (ok. 960-1386).
080 -Uniwersalna Klasyfikacja Dziesiętna [ , ]
    • 2
    • Identyfikator wydania tablic
    • UDC-P058
    • 9
    • UKD
    • 6963
    • a
    • Symbol klasyfikacji
    • 930.1(091)
    • b
    • Dopowiedzenie
    • Historiografia.
    • 4
    • UKD2
    • 7642
    • x
    • Poddział wspólny
    • (438)
    • c
    • Dopowiedzenie poddz. wspólnego
    • (Polska).
    • 4
    • UKD2
    • 7885
    • x
    • Poddział wspólny
    • (430)
    • c
    • Dopowiedzenie poddz. wspólnego
    • (Niemcy. Republika Federalna od 1990).
600 -Hasło przedmiotowe w formie nazwy osobowej [0,7]
    • a
    • Nazwa osobowa
    • Diethmar von Merseburg
    • d
    • Daty związane z nazwą
    • (975-1018).
    • 2
    • Źródło terminu
    • kaba
    • 9
    • KHW
    • 233422
600 -Hasło przedmiotowe w formie nazwy osobowej [0,7]
    • a
    • Nazwa osobowa
    • Gallus Anonymus
    • d
    • Daty związane z nazwą
    • (10..-11..).
    • 2
    • Źródło terminu
    • kaba
    • 9
    • KHW
    • 82139
600 -Hasło przedmiotowe w formie nazwy osobowej [0,7]
    • a
    • Nazwa osobowa
    • Wincenty Kadłubek
    • c
    • Dopowiedzenie
    • (błogosławiony ;
    • d
    • Daty związane z nazwą
    • 1150-1223).
    • 2
    • Źródło terminu
    • kaba
    • 9
    • KHW
    • 40390
650 -Hasło przedmiotowe [ ,7]
    • a
    • Hasło przedmiotowe
    • Historiografia średniowieczna.
    • 2
    • Źródło terminu
    • kaba
    • 9
    • KHW
    • 111270
651 -Hasło przedmiotowe w formie nazwy geograficznej [ ,7]
    • a
    • Nazwa geograficzna
    • Polska
    • y
    • Określnik chronologiczny
    • średniowiecze
    • x
    • Określnik rzeczowy
    • historiografia.
    • 2
    • Źródło terminu
    • kaba
    • 9
    • KHW
    • 361533
980 -Symbol UKD [ , ]
    • a
    • UKD
    • 94(438).02:930.1(091)(438:430)
700 -Hasło dodatkowe - nazwa osobowa [1, ]
    • a
    • Nazwa osobowa (NP)
    • Jedlicki, Marian Zygmunt Find
    • d
    • Daty biograficzne (NP)
    • (1899-1954).
    • e
    • Określenie rodzaju współpracy
    • Tł.
    • 9
    • KHW
    • 16308
700 -Hasło dodatkowe - nazwa osobowa [1, ]
    • a
    • Nazwa osobowa (NP)
    • Grodecki, Roman Find
    • d
    • Daty biograficzne (NP)
    • (1889-1964).
    • e
    • Określenie rodzaju współpracy
    • Tł.
    • 9
    • KHW
    • 16309
700 -Hasło dodatkowe - nazwa osobowa [1, ]
    • a
    • Nazwa osobowa (NP)
    • Józefczyk, Andrzej Find
    • d
    • Daty biograficzne (NP)
    • (1816-1878).
    • e
    • Określenie rodzaju współpracy
    • Tł.
    • 9
    • KHW
    • 92232
700 -Hasło dodatkowe - nazwa osobowa [1, ]
    • a
    • Nazwa osobowa (NP)
    • Studziński, Marceli. Find
    • e
    • Określenie rodzaju współpracy
    • Tł.
    • 9
    • KHW
    • 61193
710 -Hasło dodatkowe - nazwa ciała zbiorowego [2, ]
    • a
    • Nazwa ciała zbiorowego lub nazwa geograficzna jako pierwszy element (NP)
    • Spółdzielnia Wydawnicza "Czytelnik".
    • 4
    • Kod relacji
    • pbl
    • 9
    • KHW
    • 52317
920 -ISBN [ , ]
    • a
    • ISBN
    • 83-07-02211-8 Find
Numer inwentarzowy Status udost. Uwagi nie widoczne w OPAC Lokalizacja Data inwentaryzacji
H.30391retrokonwersjaBNS